| 000 -LEADER |
| fixed length control field |
nam a22 7a 4500 |
| 005 - DATE AND TIME OF LATEST TRANSACTION |
| control field |
20250103150021.0 |
| 008 - FIXED-LENGTH DATA ELEMENTS--GENERAL INFORMATION |
| fixed length control field |
250103b ||||| |||| 00| 0 eng d |
| 020 ## - INTERNATIONAL STANDARD BOOK NUMBER |
| International Standard Book Number |
9786257955140 |
| 040 ## - CATALOGING SOURCE |
| Original cataloging agency |
SESRIC |
| 041 ## - LANGUAGE CODE |
| Language code of text/sound track or separate title |
Tur. |
| 082 ## - DEWEY DECIMAL CLASSIFICATION NUMBER |
| Classification number |
378.561 |
| Item number |
YUK 2021 |
| 245 ## - TITLE STATEMENT |
| Title |
Yükseköğretime bakış 2021 : |
| Remainder of title |
izleme ve değerlendirme raporu / |
| Statement of responsibility, etc. |
Serkan Yurdakul, Büşra Yıldırım, Sümeyye Ayyüce Şahin |
| 250 ## - EDITION STATEMENT |
| Edition statement |
1. baskı Kasım 2021 |
| 260 ## - PUBLICATION, DISTRIBUTION, ETC. |
| Place of publication, distribution, etc. |
Ankara : |
| Name of publisher, distributor, etc. |
Eğitim Bir Sen Yayınları, |
| Date of publication, distribution, etc. |
2021. |
| 300 ## - PHYSICAL DESCRIPTION |
| Extent |
170 sayfa : |
| 440 ## - SERIES STATEMENT/ADDED ENTRY--TITLE |
| Title |
170 sayfa : |
| Number of part/section of a work |
grafik ; |
| 650 #0 - SUBJECT ADDED ENTRY--TOPICAL TERM |
| 9 (RLIN) |
922 |
| Topical term or geographic name entry element |
Education, higher |
| 942 ## - ADDED ENTRY ELEMENTS (KOHA) |
| Source of classification or shelving scheme |
|
| Koha item type |
Süreğen Kaynaklar |